<?xml version="1.0" encoding="UTF-8"?>
<record
    xmlns:xsi="http://www.w3.org/2001/XMLSchema-instance"
    xsi:schemaLocation="http://www.loc.gov/MARC21/slim http://www.loc.gov/standards/marcxml/schema/MARC21slim.xsd"
    xmlns="http://www.loc.gov/MARC21/slim">

  <leader>00734    a2200145   4500</leader>
  <controlfield tag="003">Nust</controlfield>
  <controlfield tag="005">20230207124823.0</controlfield>
  <datafield tag="040" ind1=" " ind2=" ">
    <subfield code="c">Nust</subfield>
  </datafield>
  <datafield tag="082" ind1=" " ind2=" ">
    <subfield code="a">959.3043,DIS</subfield>
  </datafield>
  <datafield tag="245" ind1=" " ind2=" ">
    <subfield code="a">A Distant Challenge:</subfield>
    <subfield code="c">The US Infantrayman in Vietnam 1967-70 /</subfield>
  </datafield>
  <datafield tag="260" ind1=" " ind2=" ">
    <subfield code="a">Alabama </subfield>
    <subfield code="b">Birmingham </subfield>
    <subfield code="c">1971</subfield>
  </datafield>
  <datafield tag="300" ind1=" " ind2=" ">
    <subfield code="a">xiii,400p;</subfield>
  </datafield>
  <datafield tag="505" ind1=" " ind2=" ">
    <subfield code="a">1967, Carrying the Momentum (Page-5), Searching for the Enemy (Page-27), Getting it Together (Page-47), 1968, Tet Offensive (Page-93), Allies on the Offensive (Page-137), To Build an Army (Page-169), 1969, to Know the Enemy (Page-199), Changing Tactics (Page-227), Keeping the Pressure on (Page-267),1970, Vienamization (page-297)m The Varied Scene (Page-317),The Changing Tide (Page-333). </subfield>
  </datafield>
  <datafield tag="942" ind1=" " ind2=" ">
    <subfield code="2">ddc</subfield>
    <subfield code="c">BK</subfield>
  </datafield>
  <datafield tag="999" ind1=" " ind2=" ">
    <subfield code="c">194065</subfield>
    <subfield code="d">194065</subfield>
  </datafield>
  <datafield tag="952" ind1=" " ind2=" ">
    <subfield code="0">0</subfield>
    <subfield code="1">0</subfield>
    <subfield code="2">ddc</subfield>
    <subfield code="4">0</subfield>
    <subfield code="7">0</subfield>
    <subfield code="a">MCS</subfield>
    <subfield code="b">MCS</subfield>
    <subfield code="c">GEN</subfield>
    <subfield code="d">2016-12-12</subfield>
    <subfield code="o">959.3043,DIS</subfield>
    <subfield code="p">MCS21589</subfield>
    <subfield code="r">2016-12-08</subfield>
    <subfield code="w">2016-12-12</subfield>
    <subfield code="y">BK</subfield>
    <subfield code="z">Almirah No.62, Shelf No.5</subfield>
  </datafield>
</record>
